| 000 | 04461nam a22005057a 4500 | ||
|---|---|---|---|
| 005 | 20080708111752.0 | ||
| 008 | 080708t xxu||||| |||| 00| 0 eng d | ||
| 010 | _aENG-90478 B-308436-445 B-312165-168 | ||
| 020 |
_a9788120335479 _c425.00 |
||
| 035 | _aEN-74011 | ||
| 035 | _aB-308436-445 | ||
| 035 | _aB-312165-168 | ||
| 035 | _aB-358636 | ||
| 037 | _bDBAD / PUB | ||
| 037 | _bUBH | ||
| 040 |
_aDPL _bEnglish |
||
| 082 | _a158.3 | ||
| 100 | _aGibson, Robert L. | ||
| 245 |
_aIntroduction to counseling and guidance / _cby Robert L. Gibson [and] Marianne H. Mitchell |
||
| 250 | _a7th ed | ||
| 260 |
_aNew Delhi _bPrentice-Hall of India _c2008 |
||
| 300 |
_axvii, 523p. _c24cm.(pbk) |
||
| 500 | _aIncludes appendix, bibliographical references and index | ||
| 700 | _amitchell, Marianne H. | ||
| 942 |
_2ddc _cEN _h158.3 _mGIB |
||
| 999 |
_c14267 _d14267 |
||